[Event "Stepan Avagyan Memorial 2020"]
[Site "Jermuk"]
[Date "2020.07.10"]
[Round "4.4"]
[White "Petrosyan, Manuel"]
[Black "Sargsyan, Anna M."]
[Result "1-0"]
[WhiteElo "2607"]
[BlackElo "2405"]
[Annotator "TA"]
[PlyCount "135"]
[EventDate "2020.07.05"]
[EventType "tourn"]
[EventCountry "ARM"]
[SourceTitle "playchess.com"]
[Source "ChessBase"]
[SourceQuality "1"]

{[%evp 16,135,27,26,21,24,25,15,15,15,22,22,24,-7,-6,-8,13,0,69,31,54,36,32,39,35,38,31,29,34,34,38,37,40,41,49,51,52,45,94,85,74,74,124,129,122,126,144,117,143,132,135,131,116,112,137,141,140,132,103,57,62,57,57,0,0,0,0,0,57,0,0,0,0,0,0,0,12835,12189,12836,0,0,0,0,0,0,0,0,0,0,0,0,0,0,11,12839,12839,12840,12840,12841,12841,12843,12843,12850,12851,12851,12851,12851,12851,12851,29937,12851,12851,12851,29968,12851,12851,12851,29981,12851,29982,12851,29982]} 1. d4 d5 2. c4 c6 3. Nf3 Nf6 4. e3 Bg4 5. h3 Bxf3 6. Qxf3 e6 7. Bd3 Nbd7 8. O-O Bd6 9. Nc3 O-O {D11: Slav Defence: 3 Nf3 sidelines and 3...Nf6 4 e3 Bg4.} 10. e4 dxe4 11. Nxe4 Nxe4 {The position is equal.} 12. Qxe4 {[%csl Gd3][%cal Re4h7]} Nf6 13. Qh4 Re8 14. Bg5 {Bxh7+! is the strong threat.} h6 15. Be3 Qe7 16. Rfe1 c5 (16... e5 $11) 17. a3 (17. Bxh6 $5 gxh6 18. dxc5 Bxc5 19. Qxh6 $11) 17... Rad8 18. Rad1 {[#]} e5 $146 ({Predecessor:} 18... a5 19. Bc2 cxd4 20. Bxd4 Bc5 21. Bc3 b6 22. Qg3 Kf8 23. Qe5 Rxd1 24. Rxd1 Rd8 25. Rxd8+ Qxd8 {½-½ (55) Nikolaidis,I (2552)-Hristodoulou,P (2303) Peristeri 2015}) 19. dxc5 Bxc5 20. Bxc5 Qxc5 21. b4 Qc6 22. Qg3 Qa4 23. Rd2 e4 24. Bc2 Qa6 25. Rxd8 Rxd8 26. Qc3 Rc8 27. c5 $1 Qc6 28. Qc4 {[%cal Rc2e4]} b6 {[%cal Rb6c5]} 29. Bxe4 Nxe4 30. Rxe4 $16 {[%mdl 4096] Endgame KQR-KQR} Kf8 {[%cal Rb6c5]} 31. cxb6 Qb7 32. Qd4 Qxb6 33. Qxb6 axb6 {KR-KR} 34. a4 Rc1+ 35. Kh2 Ra1 36. b5 h5 37. g4 hxg4 38. hxg4 g5 39. Kg2 ({White should play} 39. Kg3 $14) 39... Kg7 $11 40. Rd4 Kf6 $1 41. Re4 (41. Rd6+ $11 Ke5 42. Rxb6 Rxa4 43. Kg3) 41... Kg7 $14 42. f4 (42. f3 $14) 42... gxf4 $11 43. Kf3 f5 $1 {[%cal Rf5e4]} 44. gxf5 Kf6 45. Rxf4 Ke5 $2 {[%mdl 8192]} (45... Re1 $11) 46. Kg3 $1 $18 Kf6 {[#]} 47. Kg4 $2 ({Only move:} 47. Kf2 $1 $18 {[%cal Rf2e3]} Ra2+ 48. Ke3) 47... Rg1+ $11 48. Kf3 Re1 $1 49. Kf2 Re8 50. Kg3 Re1 51. Kf3 Kg5 $1 52. Kf2 Re8 $1 53. Kg3 {Strongly threatening f6.} Kf6 54. Kg4 {Black must now prevent Rc4.} Re1 $2 {[%mdl 8192] A mistake that costs the game.} (54... Re5 $11) 55. Rc4 $18 Ke5 56. Rc6 Rg1+ 57. Kf3 Ra1 58. f6 Rxa4 59. Rxb6 Rf4+ 60. Ke3 Rf1 61. Kd3 Kd5 62. Rc6 (62. Ra6 $18 Rf2 63. Rc6) 62... Rf3+ 63. Kc2 Rf1 64. Kb3 (64. f7 $18 Rxf7 65. Kc3) 64... Rf4 65. Kc3 Ke5 66. b6 Kd5 {[#]} 67. Rc8 (67. b7 $1 $18 {[%mdl 512]} Kxc6 68. b8=Q Rxf6 69. Kd4 Rd6+ 70. Ke5) 67... Rf3+ 68. Kd2 {Accuracy: White = 85%, Black = 81%.} 1-0

[Event "Stepan Avagyan Memorial 2020"]
[Site "Jermuk"]
[Date "2020.07.10"]
[Round "4.5"]
[White "Harutyunian, Tigran K."]
[Black "Sargsyan, Shant"]
[Result "1/2-1/2"]
[WhiteElo "2551"]
[BlackElo "2594"]
[Annotator "TA"]
[PlyCount "65"]
[EventDate "2020.07.05"]
[EventType "tourn"]
[EventCountry "ARM"]
[SourceTitle "playchess.com"]
[Source "ChessBase"]
[SourceQuality "1"]

{[%evp 9,65,5,13,8,7,0,0,-7,-7,-11,-11,-11,-8,-34,-8,-14,-14,-16,-7,0,4,7,2,7,15,20,26,17,26,0,0,0,0,0,125,14,7,14,14,14,14,11,8,0,0,0,0,0,0,0,0,0,0,0,0,0,0,0]} 1. Nf3 d5 2. e3 Nf6 3. c4 e6 4. b3 b6 5. Bb2 Bb7 6. Nc3 {A13: English Opening: 1...e6.} Nbd7 7. cxd5 exd5 8. d4 Bd6 9. g3 O-O 10. Bg2 Ba6 11. Ne2 Bb4+ 12. Kf1 {[#]} Ne4 $146 ({Predecessor:} 12... Re8 13. Kg1 Bd6 14. Nf4 Bb7 15. Rc1 a5 16. Nd3 a4 17. Nfe5 axb3 18. axb3 Qe7 {0-1 (49) Bocharov,D (2533)-Wang,H (2730) St Petersburg 2018}) 13. Kg1 Re8 14. Nf4 c6 15. Rc1 Rc8 16. Ne5 Nxe5 17. dxe5 Bf8 18. h4 Rc7 19. h5 h6 {[#]} 20. e6 $1 {[%mdl 512]} Qd6 (20... fxe6 21. Bxe4) 21. Rh4 f6 {[#]} (21... Bc8 $11) 22. Nxd5 ({White should play} 22. Qc2 $1 $16) 22... cxd5 $11 {The position is equal.} 23. Rxc7 Qxc7 24. Qxd5 {[#]} Nxf2 $1 {[%mdl 512] Strongly threatening ...Re7.} 25. e7+ (25. Kxf2 Qc2+) 25... Kh8 26. exf8=Q+ Rxf8 27. Rd4 Qxg3 28. Qf5 {[#]} Nd3 $1 {[%mdl 512]} 29. Rxd3 Bxd3 30. Qxd3 Qe1+ 31. Bf1 Qg3+ 32. Bg2 Qe1+ 33. Bf1 {Accuracy: White = 84%, Black = 91%.} 1/2-1/2

[Event "Stepan Avagyan Memorial 2020"]
[Site "Jermuk"]
[Date "2020.07.11"]
[Round "5.1"]
[White "Sargsyan, Shant"]
[Black "Martirosyan, Haik M."]
[Result "1/2-1/2"]
[WhiteElo "2594"]
[BlackElo "2617"]
[Annotator "TA"]
[PlyCount "47"]
[EventDate "2020.07.05"]
[EventType "tourn"]
[EventCountry "ARM"]
[SourceTitle "playchess.com"]
[Source "ChessBase"]
[SourceQuality "1"]

{[%evp 16,47,19,5,12,16,30,20,15,24,13,12,25,0,0,-17,27,20,41,38,24,0,9,0,0,7,13,0,0,0,0,0,0,0]} 1. d4 Nf6 2. c4 e6 3. Nf3 d5 4. Nc3 c6 5. Bg5 h6 6. Bxf6 Qxf6 7. Qb3 dxc4 8. Qxc4 Nd7 9. e3 g6 {D43: Semi-Slav: 5 Bg5 h6.} 10. Ne4 Qe7 11. Ne5 Qb4+ 12. Qxb4 Bxb4+ 13. Ke2 Be7 14. f4 {[#]} g5 $146 ({Predecessor:} 14... b6 15. Kf2 Bb7 16. Rd1 Rd8 17. Be2 O-O 18. Bf3 c5 19. Ng3 Nxe5 20. dxe5 Ba6 {½-½ (37) Aronian,L (2792)-Giri,A (2798) Zuerich 2016}) 15. g3 f6 16. Ng6 Rg8 17. Nxe7 Kxe7 18. Rc1 b6 {The position is equal.} 19. Bg2 Ba6+ 20. Kf2 Rac8 $1 21. Rc3 c5 22. dxc5 Nxc5 23. Nxc5 Rxc5 24. Rxc5 {Accuracy: White = 91%, Black = 93%.} 1/2-1/2

[Event "Stepan Avagyan Memorial 2020"]
[Site "Jermuk"]
[Date "2020.07.11"]
[Round "5.2"]
[White "Sargsyan, Anna M."]
[Black "Harutyunian, Tigran K."]
[Result "0-1"]
[WhiteElo "2405"]
[BlackElo "2551"]
[Annotator "TA"]
[PlyCount "46"]
[EventDate "2020.07.05"]
[EventType "tourn"]
[EventCountry "ARM"]
[SourceTitle "playchess.com"]
[Source "ChessBase"]
[SourceQuality "1"]

{[%evp 12,46,13,11,9,11,26,0,0,11,12,0,0,0,0,-27,-25,-16,-20,-18,8,0,0,0,0,-290,-336,-314,-288,-301,-309,-512,-229,-212,-216,-29997,-29998]} 1. d4 Nf6 2. c4 e6 3. Nf3 d5 4. Nc3 Bb4 5. cxd5 exd5 6. Bg5 h6 7. Bh4 Bf5 {D38: Queen's Gambit Declined: Ragozin Defence (4 Nf3 Bb4).} 8. Qb3 Nc6 9. e3 g5 {The position is equal.} 10. Bg3 O-O {[#]} 11. Ne5 $146 ({Predecessor:} 11. Be2 Ne4 12. O-O Bxc3 13. bxc3 Na5 14. Qb4 b6 15. c4 c5 16. dxc5 bxc5 17. Qa3 Nxc4 18. Bxc4 dxc4 {½-½ (37) Santiago,Y (2456)-Villanueva,M (2423) Villa Martelli 2016}) 11... Qe7 12. a3 Bxc3+ 13. bxc3 Nxe5 14. Bxe5 Ng4 $36 {[%mdl 2048] Black has the initiative.} 15. Qxd5 Rad8 {[%cal Ba8d8,Bd8d4,Bd4e4][%mdl 32]} 16. Qf3 Qe6 $1 17. Bxc7 Qb3 18. Qxf5 $4 {[%mdl 8192]} (18. Rd1 $11 {and White stays safe.} Qxc3+ 19. Rd2 Qc1+ 20. Rd1 Qc3+ 21. Rd2 Qc1+ 22. Rd1 Qc3+) 18... Qxc3+ $19 {[%mdl 64] Double Attack} 19. Ke2 Rxd4 $1 20. Kf3 {Black must now prevent Bb5.} Qc6+ 21. Ke2 $2 (21. e4 {was the only defense.} Qxc7 22. Kxg4) 21... Re8 (21... Qxc7 $142 22. h3 {[#]} (22. exd4 $2 {too greedy.} Qc3 $19 {[%mdl 64] Double Attack}) 22... Rf4 $1 {[%mdl 512]} 23. exf4 Qc3 24. hxg4 Re8+ 25. Qe5 Rxe5+ 26. fxe5 Qxe5+ 27. Kf3 Qxa1) 22. Rd1 {[#]} Rde4 $1 {[%cal Re4e3][%mdl 1536] ( -> ...Rxe3+!). Black has strong compensation.} 23. Qa5 $2 (23. Kd2 $19 Qxc7 24. Rc1 Rd8+ 25. Bd3) 23... Qc2+ {Accuracy: White = 56%, Black = 76%.} 0-1

[Event "Stepan Avagyan Memorial 2020"]
[Site "Jermuk"]
[Date "2020.07.11"]
[Round "5.3"]
[White "Gharibyan, Mamikon"]
[Black "Petrosyan, Manuel"]
[Result "0-1"]
[WhiteElo "2433"]
[BlackElo "2607"]
[Annotator "TA"]
[PlyCount "88"]
[EventDate "2020.07.05"]
[EventType "tourn"]
[EventCountry "ARM"]
[SourceTitle "playchess.com"]
[Source "ChessBase"]
[SourceQuality "1"]

{[%evp 12,88,27,20,20,20,22,18,16,21,21,11,11,14,15,16,6,8,2,6,16,0,14,20,27,14,12,0,0,0,0,0,0,0,0,0,0,0,0,0,0,0,-6,-21,0,-15,-17,-38,0,0,0,-7,0,-8,-1,-9,13,14,41,0,0,-6,0,-74,-74,-75,-78,-601,-606,-591,-555,-744,-742,-684,-725,-673,-639,-1518,-1379]} 1. d4 Nf6 2. c4 e6 3. Nf3 d5 4. Nc3 Bb4 5. cxd5 exd5 6. Bg5 h6 7. Bh4 O-O {D38: Queen's Gambit Declined: Ragozin Defence (4 Nf3 Bb4).} 8. e3 Bf5 9. Be2 {is more profitable than 9.Qb3 at the moment. Played by Alexander Grischuk in May 2020.} Nbd7 {The position is equal.} 10. Qb3 Qe7 11. O-O c6 12. a3 {[%cal Ba2a3,Ba3a4][%mdl 32]} Bxc3 $1 13. bxc3 b5 14. a4 a6 {[#]} 15. Qb4 $146 ({Predecessor:} 15. axb5 axb5 16. Bxf6 Nxf6 {½-½ (16) Tornow,M (2310)-Salzmann,S (2310) GER email 2017}) 15... Qe6 16. Nd2 g5 17. Bg3 Nb6 {[%cal Bd7b6,Bb6c4,Bc4d2][%mdl 32]} 18. axb5 axb5 19. Rfe1 Nc4 20. Nb3 Ne4 21. Nc5 Nxc5 22. Qxc5 Nd2 {Hoping for ...Nb3.} 23. Ra3 Rfe8 (23... Ne4 $5 24. Qb4 $8 Rxa3 25. Qxa3 Bg6 $11) 24. Qb4 Rxa3 25. Qxa3 Ne4 26. Ra1 h5 27. Be5 h4 {And now ...f6 would win.} 28. Qc1 f6 29. Bc7 Qf7 30. Ra7 Re7 31. Ra8+ Kh7 32. Ba5 g4 33. Bb4 $132 {[%mdl 2048] White has counterplay} Rd7 34. Qe1 {[#] Threatens to win with f3.} Qh5 35. f3 (35. h3 $5) 35... gxf3 36. Bxf3 Qg5 37. Re8 (37. Ra6 $11 {remains equal.}) 37... h3 $17 38. g3 Qg6 39. Re7+ $2 {[%mdl 8192] This move loses the game for White.} (39. Ra8 $17) 39... Rxe7 $19 {Black is clearly winning.} 40. Bxe7 Bg4 41. Be2 Bxe2 42. Qxe2 f5 43. Kf1 Qg4 44. Bb4 {[#]} Nxg3+ $1 {[%mdl 576] Promotion. Accuracy: White = 74%, Black = 97%.} 0-1

[Event "Stepan Avagyan Memorial 2020"]
[Site "Jermuk"]
[Date "2020.07.11"]
[Round "5.4"]
[White "Mikaelyan, Arman"]
[Black "Davtyan, Artur"]
[Result "1-0"]
[WhiteElo "2483"]
[BlackElo "2461"]
[Annotator "TA"]
[PlyCount "93"]
[EventDate "2020.07.05"]
[EventType "tourn"]
[EventCountry "ARM"]
[SourceTitle "playchess.com"]
[Source "ChessBase"]
[SourceQuality "1"]

{[%evp 19,93,25,25,25,48,38,28,18,24,19,14,19,14,22,44,23,26,26,27,23,30,25,25,22,25,25,25,25,25,25,22,22,22,22,22,22,45,39,40,40,59,62,152,124,327,325,334,250,251,253,254,260,267,226,344,343,314,272,516,528,662,643,645,651,657,650,631,617,612,572,5302,5289,2275,1967,5297,1592]} 1. d4 d5 2. c4 dxc4 3. Nf3 Nf6 4. e3 e6 5. Bxc4 a6 6. O-O c5 7. Nc3 b5 8. Be2 Bb7 9. dxc5 Bxc5 10. Qxd8+ Kxd8 11. Nd2 {D27: Queen's Gambit Accepted: Classical main line: 7 e4!? and 7 a4.} Nc6 {11...Ke7 is setting a new trend.} 12. Rd1 Ke7 13. a4 {[#] White has an edge.} b4 $146 ({Predecessor:} 13... bxa4 14. Nxa4 Bb4 15. Nb3 Nd7 16. e4 a5 17. Be3 Rhc8 18. f3 Nce5 19. f4 Ng6 {½-½ (40) Grachev,B (2675)-Stukopin,A (2544) Yerevan 2014}) 14. Nce4 Ba7 15. Nxf6 gxf6 16. Nc4 a5 17. Nd6 Rab8 18. Nxb7 Rxb7 19. b3 Rc7 20. Bb2 Ne5 21. Rac1 Rhc8 22. Rxc7+ Rxc7 23. Bb5 Bb6 24. Rc1 Rxc1+ 25. Bxc1 $11 {[%mdl 4096] Endgame KBB-KBN} f5 26. Kf1 Ng4 27. Ke2 Bc7 28. h3 Nf6 29. Kd3 Be5 30. f3 h5 {[#]} ({Black should play} 30... Nd5 $14) 31. e4 $1 $16 f4 $2 {This move loses the game for Black.} (31... fxe4+ $16 32. fxe4 Kd8) 32. Kc4 $18 Bb8 33. Kc5 Ba7+ 34. Kc6 Be3 35. Bb2 Nd7 36. Bc4 f6 (36... Bf2 {keeps fighting.} 37. Kb5 Bb6) 37. Kb5 Bb6 38. Bc1 e5 $2 {[#]} (38... Bc7 {was worth a try.} 39. Bd2 Nb8) 39. Bd2 {White is clearly winning.} Bd8 40. Be1 Bb6 41. Bh4 Bd8 42. Bf2 Bc7 43. Kc6 Bd8 44. Ba7 Ke8 45. Be6 Nf8 46. Bf5 Ke7 47. Bc5+ {Accuracy: White = 95%, Black = 64%.} (47. Bb6 $142 Bxb6 48. Kxb6) 1-0

[Event "Stepan Avagyan Memorial 2020"]
[Site "Jermuk"]
[Date "2020.07.11"]
[Round "5.5"]
[White "Barseghyan, Armen Ar."]
[Black "Shahinyan, David"]
[Result "0-1"]
[WhiteElo "2387"]
[BlackElo "2456"]
[Annotator "TA"]
[PlyCount "88"]
[EventDate "2020.07.05"]
[EventType "tourn"]
[EventCountry "ARM"]
[SourceTitle "playchess.com"]
[Source "ChessBase"]
[SourceQuality "1"]

{[%evp 9,88,0,0,-12,-5,-22,-21,-17,-3,-17,-5,-7,-16,-42,-29,-59,-59,-72,-74,-75,-70,-77,-74,-70,0,0,0,-13,14,-22,0,0,0,0,0,0,0,0,0,0,47,0,16,0,0,-29,-22,-28,-21,-253,-247,-485,-472,-590,-580,-604,-516,-505,-502,-470,-463,-530,-527,-515,-507,-636,-614,-652,-657,-679,-681,-810,-781,-5397,-5118,-5306,-5306,-29978,-29979,-29978,-29979]} 1. d4 e6 2. Nf3 b6 3. c4 Bb7 4. Nc3 f5 5. Bf4 Bb4 6. Qc2 {A40: Unusual replies to 1 d4.} (6. Rc1 {seems wilder.} Nf6 7. e3 O-O 8. Bd3 d6 9. O-O) 6... Nf6 7. a3 Bxc3+ 8. Qxc3 {The position is equal.} O-O 9. h3 d6 {[#]} 10. Bh2 $146 ({Predecessor:} 10. e3 Ne4 11. Qc2 Nd7 12. Nd2 e5 13. Bh2 exd4 14. Nf3 dxe3 15. fxe3 Qe7 16. O-O-O {0-1 (40) Grosse Honebrink,B (1893)-Tocco,P (2089) Arco 2019}) 10... Ne4 $36 {[%mdl 2048] Black is pushing.} 11. Qc2 f4 12. Nd2 Nxd2 13. Qxd2 Qh4 14. g3 Qf6 15. Rg1 {[%cal Rg3f4] [#]} Nc6 $1 16. O-O-O {[%cal Rg3f4]} f3 (16... e5 $15 17. dxe5 dxe5) 17. e3 $1 $11 e5 18. d5 Ne7 {[%cal Bc6e7,Be7g6,Bg6f8,Bf8h7,Bh7g5,Bg5h3][%mdl 32]} 19. e4 h5 20. g4 h4 21. Bd3 Bc8 22. Bc2 Bd7 23. Rge1 Ng6 24. Re3 b5 25. cxb5 Bxb5 26. Rc3 Rf7 27. Bd3 Bxd3 28. Rxd3 Nf8 29. Rc3 $2 {[#] Now White is beyond hope.} (29. Rg1 $11 {and White has nothing to worry.}) 29... Nh7 $1 $19 30. g5 $2 (30. Rc4) 30... Nxg5 {[%mdl 64] Double Attack} 31. Qe3 Nxh3 32. Rh1 Qg5 33. Qxg5 Nxg5 34. Rc4 Nh3 35. Bg1 Nf4 36. Kd2 g5 37. Bh2 Ne2 38. Ke3 g4 39. b4 Raf8 40. Rf1 g3 41. fxg3 hxg3 42. Bxg3 Nxg3 43. Rg1 f2 44. Rxg3+ Rg7 {Accuracy: White = 58%, Black = 90%.} 0-1

[Event "Stepan Avagyan Memorial 2020"]
[Site "Jermuk"]
[Date "2020.07.12"]
[Round "6.1"]
[White "Martirosyan, Haik M."]
[Black "Shahinyan, David"]
[Result "1/2-1/2"]
[WhiteElo "2617"]
[BlackElo "2456"]
[Annotator "TA"]
[PlyCount "160"]
[EventDate "2020.07.05"]
[EventType "tourn"]
[EventCountry "ARM"]
[SourceTitle "playchess.com"]
[Source "ChessBase"]
[SourceQuality "1"]

{[%evp 13,160,26,35,36,54,37,52,48,42,33,27,21,63,63,65,23,91,89,82,93,91,91,239,237,249,244,242,242,250,252,242,201,303,261,332,339,327,320,297,231,297,302,302,108,108,108,116,19,19,27,39,31,25,0,0,0,0,0,0,0,0,0,0,0,0,0,0,0,0,0,3,3,60,3,31,3,3,3,4,0,0,0,0,0,0,0,29,29,29,29,29,0,0,0,5,5,6,0,0,0,6,6,6,0,0,0,0,0,0,0,0,0,0,0,0,0,0,0,0,0,0,0,0,0,0,0,0,0,0,0,0,0,4,0,0,0,0,0,0,0,0,0,0,0,0,0,0,0,0]} 1. Nf3 e6 2. g3 b6 3. Bg2 Bb7 4. c4 f5 5. O-O Nf6 6. d4 Be7 7. d5 O-O 8. Nd4 {A84: Dutch Defence: 2 c4 Miscellaneous.} Qc8 9. Nc3 Na6 10. Bf4 {White is slightly better.} Nc5 11. Ncb5 Ne8 12. Rc1 Bf6 13. b4 $36 {[%mdl 2048] White has good play.} Ne4 14. f3 {[#]} N4d6 $146 (14... Ng5 $1 $11) ({Predecessor:} 14... Ng5 15. e4 fxe4 16. fxe4 e5 17. Bxg5 Bxg5 18. Nf5 Qd8 19. d6 g6 20. dxc7 Nxc7 21. Nfd6 Rxf1+ 22. Qxf1 Nxb5 23. cxb5 Be3+ 24. Kh1 Bxc1 25. Qxc1 Rc8 26. Nxc8 {½-½ (26) Schlosser,P (2520)-Wach,M (2330) Graz 1993}) 15. Nxd6 $16 cxd6 16. Be3 Nc7 17. Bf2 b5 (17... Qe8 $16) 18. Nxb5 $18 Nxb5 19. cxb5 Qb8 20. f4 a5 21. bxa6 Rxa6 22. a4 {[%cal Ba2a4,Ba4a5][%mdl 32]} Qa8 (22... e5 {is a better defense.} 23. b5 Ra8) 23. a5 e5 24. fxe5 dxe5 25. e4 Bg5 26. Rb1 fxe4 27. Bxe4 Raf6 {With the idea ...Rxf2.} 28. Qb3 $2 ({Less strong is} 28. Qg4 Rxf2 29. Rxf2 Qa7 $11) (28. Qe2 $18 {is more deadly.}) 28... Rxf2 $16 29. Rxf2 Qa7 {[#]} 30. Rbf1 (30. Rbb2 $1 $16 Be3 {[%mdl 64] Pin} 31. Qa2) 30... Be3 $1 $11 {[%cal Re3f2][%mdl 64] Pin} 31. Qb2 Bxf2+ 32. Rxf2 {Hoping for Kg2.} Qe3 {And now ...Qe1+ would win.} 33. Qe2 Qd4 {[%mdl 64] [#] Double Attack} 34. Bf3 Qxb4 35. a6 e4 ({But not} 35... Bxa6 $2 36. Qxa6 e4 37. Bg4 $18) 36. Bxe4 Rxf2 37. Kxf2 Qb6+ 38. Kg2 {Black must now prevent Bf3.} Qxa6 39. Qh5 {[%cal Rh5e8]} g6 $1 {[%cal Rg6h5]} 40. Qe5 Kf7 41. Bf3 Qc4 42. g4 Qc5 (42... Qc2+ $11 43. Kg3 Qc8) 43. g5 (43. h4 $1 $14) 43... Qf8 44. h4 Qd8 45. Qd6 Kg8 46. Kf2 Qe8 47. Qb6 Qa8 48. Qd6 Qe8 49. Qc7 Ba8 50. Kg2 Kg7 51. Qc3+ Kg8 52. Qf6 Bb7 {The position is equal.} 53. Qf4 Qa8 54. Qe5 Qd8 55. Bg4 Qa8 56. Bf3 Qd8 57. Qd6 Qe8 58. Kg3 Qe1+ 59. Kh3 Qf1+ 60. Bg2 Qf5+ 61. Kg3 {Threatens to win with Qb8+.} Kf7 62. Bf3 Ba8 63. Kg2 Qc2+ 64. Kh3 Qf5+ 65. Kg3 Bb7 66. Qc5 (66. Kg2 {looks sharper.} Qc2+ 67. Kg1 Qb1+ 68. Kh2 Qf5 69. Bg2) 66... Qe5+ 67. Kg2 d6 68. Qc7+ Qe7 69. Qb8 {Black should prevent Qh8.} Kg7 70. Kf2 Qd7 71. Qa7 Qf7 72. Ke3 Bc8 73. Qa1+ Kg8 74. Be4 Qc7 75. Kf4 Qc5 76. Kf3 Bb7 77. Qf6 {aiming for Qd8+.} Bxd5 78. Qd8+ Kf7 79. Qd7+ Kf8 80. Qd8+ Kf7 {Black defended with fortune. Accuracy: White = 85%, Black = 83%.} 1/2-1/2

[Event "Stepan Avagyan Memorial 2020"]
[Site "Jermuk"]
[Date "2020.07.12"]
[Round "6.2"]
[White "Davtyan, Artur"]
[Black "Barseghyan, Armen Ar."]
[Result "1-0"]
[WhiteElo "2461"]
[BlackElo "2387"]
[Annotator "TA"]
[PlyCount "121"]
[EventDate "2020.07.05"]
[EventType "tourn"]
[EventCountry "ARM"]
[SourceTitle "playchess.com"]
[Source "ChessBase"]
[SourceQuality "1"]

{[%evp 14,121,27,15,23,0,0,0,4,6,4,-48,30,39,63,22,49,32,37,45,64,54,77,22,33,0,16,69,96,104,84,69,135,114,152,167,247,248,230,189,302,300,413,396,566,567,548,480,504,471,483,495,487,466,488,484,482,482,457,470,421,327,403,359,393,388,392,388,394,383,378,372,363,364,433,433,566,558,614,611,700,705,854,836,807,795,937,920,1013,1019,1124,1110,1295,1205,6045,5961,5181,5047,1035,990,985,914,2163,2030,29975,29976,29984,29985,29985,29986]} 1. e4 c5 2. Nf3 g6 3. c3 d5 4. exd5 Qxd5 5. d4 Bg7 6. Na3 cxd4 7. Nb5 Na6 {[#]} 8. Be3 $1 {[%cal Re3d4][%mdl 512]} Nf6 {B06: Modern Defence.} (8... dxe3 9. Qxd5) 9. Qxd4 O-O 10. Nxa7 Be6 {The position is equal.} 11. Nb5 Qc6 12. Qh4 {[#]} ({White should play} 12. Be2 $11) 12... Qc8 $146 ({Better is} 12... Ng4 $15) ({Predecessor:} 12... Bd5 13. Nbd4 Qc8 14. Be2 Nc5 15. O-O Bxa2 16. Nb5 Ra4 17. c4 Nce4 18. Rfc1 Rd8 {0-1 (33) Blomqvist,E (2486)-Jones,G (2615) Reykjavik 2015}) 13. Be2 Nc5 14. a4 Nb3 15. Ra3 Na5 16. Nd2 Bg4 {Black wants to play ...Bxe2.} 17. f3 $36 {[%mdl 2048] White has some pressure.} Bf5 18. O-O ({White should try} 18. b4 $16 Nc6 19. O-O) 18... Nd5 $11 19. Bf2 Bf6 20. Qg3 Qe6 21. Ne4 $1 Be5 {[#]} 22. Qh4 $1 {Threatens to win with Ng5!} Bxe4 (22... Nf6 $1 $14) 23. Qxe4 $16 ({Don't do} 23. fxe4 $6 Nf4 $14) 23... f5 {[#]} 24. Qc2 $1 Nf4 (24... Qf6 {was called for.} 25. g3 f4) 25. Re1 $18 Qf6 26. Bf1 Rfd8 (26... g5 $142 27. g3 Ng6) 27. g3 Ne6 28. Qe2 Bd6 (28... Ng5 $142 29. f4 Bxf4) 29. b4 Ng5 30. h4 Nf7 31. Nxd6 Qxd6 32. Qxe7 Nc6 33. Qxd6 Rxd6 34. Ra2 Nfe5 35. Kg2 Nd3 36. Bxd3 Rxd3 37. Re3 Rd7 38. a5 Ne7 39. Re5 Nd5 40. Ra3 Rc8 41. Bc5 Nc7 42. Bd4 Kf7 43. b5 Ne6 44. Be3 Rd3 45. a6 bxa6 46. Rxa6 f4 47. gxf4 Ng7 48. Ra7+ Kg8 49. b6 {[%cal Bb5b6,Bb6b7][%mdl 32]} Nf5 50. Bf2 Rb8 51. Rc7 Rd2 52. b7 Nd6 53. Ree7 Rb2 54. Rg7+ Kf8 55. Rxh7 {[%cal Rh7h8]} Kg8 56. Rcg7+ {[%mdl 64] Double Attack} Kf8 57. Rxg6 {aiming for Rh8+.} Nf7 58. Kg3 Rb5 59. c4 {White mates.} Ra5 60. Bb6 Rf5 61. Kg4 {Accuracy: White = 86%, Black = 49%.} 1-0

[Event "Stepan Avagyan Memorial 2020"]
[Site "Jermuk"]
[Date "2020.07.12"]
[Round "6.3"]
[White "Petrosyan, Manuel"]
[Black "Mikaelyan, Arman"]
[Result "1-0"]
[WhiteElo "2607"]
[BlackElo "2483"]
[Annotator "ChessBase"]
[PlyCount "157"]
[EventDate "2020.07.05"]
[EventType "tourn"]
[EventCountry "ARM"]
[SourceTitle "playchess.com"]
[Source "ChessBase"]
[SourceQuality "1"]
[TimeControl "40/5400+30:1800+30"]

1. d4 d5 2. Nf3 Nf6 3. c4 c6 4. e3 e6 5. Bd3 Nbd7 6. b3 b6 7. O-O Bb7 8. Bb2 Bd6 9. Nbd2 O-O 10. Qe2 c5 11. Ne5 Qe7 12. Rad1 Rfd8 13. f4 Nf8 14. f5 a6 15. Ndf3 Ne4 16. dxc5 Bxc5 17. Nd4 Bxd4 18. exd4 exf5 19. Rxf5 Nd6 20. Rf2 f6 21. Ba3 Qe6 22. Ng4 Qxe2 23. Rxe2 Ne4 24. Bxe4 dxe4 25. d5 f5 26. Ne3 g6 27. g4 f4 28. Nc2 Bc8 29. Rxe4 Bxg4 30. Rd2 Ne6 31. h4 Bf5 32. Re5 Nc5 33. Nd4 Bg4 34. Nc6 Re8 35. Rd4 Rf8 36. Re7 Bd7 37. Bxc5 bxc5 38. Rde4 Bxc6 39. dxc6 Rf7 40. c7 Kg7 41. Rxf7+ Kxf7 42. Re5 Rc8 43. Rxc5 Ke7 44. Kf2 Kd6 45. b4 a5 46. Rxa5 Rxc7 47. c5+ Ke5 48. Kf3 h6 49. c6+ Kd4 50. b5 g5 51. Ra8 Kc5 52. a4 Rg7 53. Rd8 Kb6 54. hxg5 hxg5 55. Kg4 Rf7 56. Rd3 Ra7 57. Rc3 Ra8 58. c7 Rc8 59. Kxg5 f3 60. Rxf3 Rxc7 61. Rf6+ Kb7 62. Kf5 Rc5+ 63. Ke6 Kc7 64. Rf5 Rc1 65. a5 Rb1 66. Rf7+ Kb8 67. b6 Rd1 68. a6 Re1+ 69. Kd5 Rd1+ 70. Kc4 Rc1+ 71. Kd3 Rd1+ 72. Kc2 Rd8 73. Kc3 Rh8 74. Re7 Rh3+ 75. Kc4 Rh4+ 76. Kd5 Rh5+ 77. Kd6 Rh6+ 78. Re6 Rh8 79. Kd7 1-0